Every Song by the Beatles - Statistics

General Stats
  • This quiz has been taken 164 times
    72 since last reset
  • The average score is 74 of 199
Answer Stats
Album Song % Correct
Help!(1965) Help!
93%
Help!(1965) Yesterday
91%
Revolver(1966) Yellow Submarine
85%
Hey Jude(1970) Hey Jude
84%
Let It Be(1970) Let It Be
82%
A Hard Day's Night(1964) A Hard Day's Night
80%
Please Please Me(1963) Please Please Me
80%
Abbey Road(1969) Come Together
75%
Revolver(1966) Eleanor Rigby
73%
Magical Mystery Tour(1967) Magical Mystery Tour
71%
Magical Mystery Tour(1967) Strawberry Fields Forever
71%
Please Please Me(1963) Love Me Do
69%
Sgt. Pepper's Lonely Hearts Club Band(1967) Sgt. Pepper's Lonely Hearts Club Band
69%
Sgt. Pepper's Lonely Hearts Club Band(1967) Sgt. Pepper's Lonely Hearts Club Band (Reprise)
69%
Abbey Road(1969) Here Comes the Sun
67%
Sgt. Pepper's Lonely Hearts Club Band(1967) Lucy in the Sky with Diamonds
67%
Magical Mystery Tour(1967) Penny Lane
67%
Meet the Beatles!(1964) I Want to Hold Your Hand
65%
Rubber Soul(1965) Michelle
64%
Rubber Soul(1965) Norwegian Wood (This Bird Has Flown)
64%
Hey Jude(1970) Revolution
64%
Let It Be(1970) Get Back
62%
Abbey Road(1969) Something
62%
Help!(1965) Ticket to Ride
62%
The Beatles / White Album(1968) Blackbird
60%
The Beatles / White Album(1968) While My Guitar Gently Weeps
60%
Rubber Soul(1965) Drive My Car
58%
Beatles for Sale(1964) Eight Days a Week
58%
The Beatles / White Album(1968) Revolution 9
58%
The Beatles' Second Album(1964) She Loves You
58%
Sgt. Pepper's Lonely Hearts Club Band(1967) With a Little Help from My Friends
58%
Magical Mystery Tour(1967) All You Need Is Love
56%
The Beatles / White Album(1968) Helter Skelter
56%
Magical Mystery Tour(1967) I Am the Walrus
56%
Rubber Soul(1965) In My Life
56%
Revolver(1966) Taxman
56%
The Beatles / White Album(1968) Back in the U.S.S.R.
55%
Abbey Road(Hidden)(1969) Her Majesty
55%
The Beatles / White Album(1968) Ob-La-Di, Ob-La-Da
55%
Sgt. Pepper's Lonely Hearts Club Band(1967) A Day in the Life
51%
Abbey Road(1969) Octopus's Garden
51%
Let It Be(1970) Across the Universe
49%
Hey Jude(1970) Paperback Writer
49%
Rubber Soul(1965) Nowhere Man
49%
Rubber Soul(1965) Girl
47%
Abbey Road(1969) Maxwell's Silver Hammer
47%
Revolver(1966) Tomorrow Never Knows
47%
A Hard Day's Night(1964) And I Love Her
45%
A Hard Day's Night(1964) Can't Buy Me Love
45%
Yesterday and Today(1966) Day Tripper
45%
Yellow Submarine(1969) Hey Bulldog
45%
Please Please Me(1963) I Saw Her Standing There
45%
Hey Jude(1970) Lady Madonna
45%
Hey Jude(1970) The Ballad of John and Yoko
45%
The Beatles / White Album(1968) Birthday
44%
The Beatles / White Album(1968) Dear Prudence
44%
Abbey Road(1969) Golden Slumbers
44%
Magical Mystery Tour(1967) Hello, Goodbye
44%
Abbey Road(1969) Oh! Darling
44%
Let It Be(1970) The Long and Winding Road
44%
Sgt. Pepper's Lonely Hearts Club Band(1967) When I'm Sixty-Four
44%
The Beatles / White Album(1968) Why Don't We Do It in the Road?
44%
Revolver(1966) Here, There and Everywhere
42%
Abbey Road(1969) I Want You (She's So Heavy)
42%
The Beatles / White Album(1968) Julia
42%
The Beatles / White Album(1968) Revolution 1
42%
Sgt. Pepper's Lonely Hearts Club Band(1967) She's Leaving Home
42%
Abbey Road(1969) The End
42%
Magical Mystery Tour(1967) The Fool on the Hill
42%
Help!(1965) You've Got to Hide Your Love Away
42%
With the Beatles(1963) All My Loving
40%
Sgt. Pepper's Lonely Hearts Club Band(1967) Fixing a Hole
40%
Sgt. Pepper's Lonely Hearts Club Band(1967) Lovely Rita
40%
The Beatles / White Album(1968) Rocky Raccoon
40%
Abbey Road(1969) Carry That Weight
38%
The Beatles / White Album(1968) Glass Onion
38%
The Beatles / White Album(1968) Happiness Is a Warm Gun
38%
The Beatles / White Album(1968) Piggies
38%
Abbey Road(1969) Polythene Pam
38%
Hey Jude(1970) Rain
38%
Abbey Road(1969) She Came In Through the Bathroom Window
38%
Yesterday and Today(1966) We Can Work It Out
38%
The Beatles / White Album(1968) Honey Pie
36%
The Beatles / White Album(1968) I'm So Tired
36%
Abbey Road(1969) Mean Mr. Mustard
36%
Abbey Road(1969) Sun King
36%
Magical Mystery Tour(1967) Blue Jay Way
35%
The Beatles / White Album(1968) Cry Baby Cry
35%
Hey Jude(1970) Don't Let Me Down
35%
Revolver(1966) Got to Get You into My Life
35%
Please Please Me(1963) Misery
35%
The Beatles / White Album(1968) Wild Honey Pie
35%
Sgt. Pepper's Lonely Hearts Club Band(1967) Within You Without You
35%
The Beatles / White Album(1968) Yer Blues
35%
Abbey Road(1969) You Never Give Me Your Money
35%
Abbey Road(1969) Because
33%
Yesterday and Today(1966) I'm Only Sleeping
33%
Revolver(1966) For No One
33%
Revolver(1966) Good Day Sunshine
33%
The Beatles / White Album(1968) Good Night
33%
A Hard Day's Night(1964) If I Fell
33%
The Beatles / White Album(1968) I Will
33%
The Beatles / White Album(1968) Long, Long, Long
33%
Hey Jude(1970) Old Brown Shoe
33%
The Beatles / White Album(1968) Sexy Sadie
33%
The Beatles / White Album(1968) The Continuing Story of Bungalow Bill
33%
Help!(1965) The Night Before
33%
Yesterday and Today(1966) And Your Bird Can Sing
31%
Sgt. Pepper's Lonely Hearts Club Band(1967) Being for the Benefit of Mr. Kite!
31%
Yesterday and Today(1966) Doctor Robert
31%
With the Beatles(1963) Don't Bother Me
31%
Sgt. Pepper's Lonely Hearts Club Band(1967) Getting Better
31%
Sgt. Pepper's Lonely Hearts Club Band(1967) Good Morning Good Morning
31%
Beatles '65(1964) I Feel Fine
31%
Help!(1965) I've Just Seen a Face
31%
Revolver(1966) Love You To
31%
Christmas Time Is Here Again!(1967) Christmas Time (Is Here Again)
29%
Let It Be(1970) Dig It
29%
Help!(US Version)(1965) From Me to You
29%
Please Please Me(1963) Do You Want to Know a Secret
29%
The Beatles / White Album(1968) Everybody's Got Something to Hide Except Me and My Monkey
29%
Magical Mystery Tour(1967) Flying
29%
Rock 'n' Roll Music(1976) I'm Down
29%
Let It Be(1970) I Me Mine
29%
Please Please Me(1963) P.S. I Love You
29%
Rubber Soul(1965) Run for Your Life
29%
Please Please Me(1963) There's a Place
29%
A Hard Day's Night(1964) Things We Said Today
29%
Help!(1965) You're Going to Lose That Girl
29%
Magical Mystery Tour(1967) Your Mother Should Know
29%
Please Please Me(1963) Ask Me Why
27%
The Beatles / White Album(1968) Don't Pass Me By
27%
Let It Be(1970) For You Blue
27%
Beatles for Sale(1964) I'm a Loser
27%
A Hard Day's Night(1964) I'm Happy Just to Dance with You
27%
Help!(1965) I Need You
27%
The Beatles / White Album(1968) Martha My Dear
27%
The Beatles / White Album(1968) Savoy Truffle
27%
Revolver(1966) She Said She Said
27%
Let It Be(1970) Two of Us
27%
Yellow Submarine(1969) All Together Now
25%
Help!(1965) Another Girl
25%
Magical Mystery Tour(1967) Baby, You're a Rich Man
25%
Rubber Soul(1965) If I Needed Someone
25%
Beatles for Sale(1964) I'll Follow the Sun
25%
The Beatles / White Album(1968) Mother Nature's Son
25%
Beatles for Sale(1964) No Reply
25%
Let It Be(1970) One After 909
25%
Por Siempre Beatles(1971) The Inner Light
25%
Rubber Soul(1965) Wait
25%
Beatles VI(1965) You Like Me Too Much
25%
With the Beatles(1963) All I've Got to Do
24%
Let It Be(1970) Dig a Pony
24%
A Hard Day's Night(1964) I'll Be Back
24%
A Hard Day's Night(1964) I'll Cry Instead
24%
The Beatles' Second Album(1964) I'll Get You
24%
A Hard Day's Night(1964) I Should Have Known Better
24%
Let It Be(1970) I've Got a Feeling
24%
With the Beatles(1963) I Wanna Be Your Man
24%
With the Beatles(1963) Not a Second Time
24%
Rubber Soul(1965) The Word
24%
Rubber Soul(1965) Think for Yourself
24%
Meet the Beatles!(1964) This Boy
24%
Beatles for Sale(1964) Baby's in Black
22%
Beatles for Sale(1964) I Don't Want to Spoil the Party
22%
Help!(1965) It's Only Love
22%
With the Beatles(1963) It Won't Be Long
22%
With the Beatles(1963) Little Child
22%
Beatles VI(1965) Tell Me What You See
22%
A Hard Day's Night(1964) When I Get Home
22%
Beatles VI(1965) Yes It Is
22%
Rubber Soul(1965) You Won't See Me
22%
A Hard Day's Night(1964) Any Time at All
20%
With the Beatles(1963) Hold Me Tight
20%
Rubber Soul(1965) I'm Looking Through You
20%
Revolver(1966) I Want to Tell You
20%
The Beatles' Second Album(1964) Thank You Girl
20%
The Beatles' Second Album(1964) You Can't Do That
20%
Beatles for Sale(1964) Every Little Thing
18%
Anthology 1(1995) Free as a Bird
18%
Yellow Submarine(1969) Only a Northern Song
18%
A Hard Day's Night(1964) Tell Me Why
18%
Rubber Soul(1965) What Goes On
18%
Rarities(1978) You Know My Name (Look Up the Number)
18%
The Beatles' Second Album(1964) I Call Your Name
16%
Yellow Submarine(1969) It's All Too Much
16%
Beatles '65(1964) She's a Woman
16%
Beatles for Sale(1964) What You're Doing
15%
Yellow Submarine(1969) Pepperland
13%
Yellow Submarine(1969) Sea of Monsters
7%
Yellow Submarine(1969) Sea of Time
7%
Yellow Submarine(1969) Pepperland Laid Waste
5%
Yellow Submarine(1969) Sea of Holes
5%
Yellow Submarine(1969) March of the Meanies
4%
Yellow Submarine(1969) Yellow Submarine in Pepperland
4%
Anthology 3(1996) What's the New Mary Jane
2%
Help!(US Version)(1965) In the Tyrol
0%
Help!(US Version)(1965) The Bitter End
0%
Help!(US Version)(1965) The Chase
0%
No matching quizzes found
Score Distribution
Percent of People with Each Score
Percentile by Number Answered
Your Score History
You have not taken this quiz since the last reset